000 00647nam a2200193Ia 4500
003 GCL
008 140319s9999 xx 000 0 ara d
040 _aGCL /
_cGCL
082 0 4 _a240
_bب ر
100 1 _aرافع محمد رافع
245 1 0 _aرسالة التوحيد والتعديد عن الاطلاق والتقييد /
_cرافع محمد رافع
700 1 _aبرش ، سلقر
260 _aالقاهرة :
_bالجمعية الاسلامية الروحية
300 _a263 ص ؛
_c19 سم
650 0 4 _aالعقائد الاسلامية
650 0 4 _aالحديث - شرح
650 0 4 _aالتوحيد
942 _2ddc
_cBK
999 _c47622
_d47622